000 00316nam a2200145Ia 4500
100 _aParker/ Tim
942 _cRB
654 _alinux
245 _aLinux Systems Administrators Survival Guide
260 _bTechmedia
_c2000
082 _a005.133'L'
_bPAR
300 _a740
546 _aENGLISH
999 _c23592
_d23592